| LEADER |
01265ngm0a2200253 450 |
| 001 |
16846089 |
| 100 |
|
|
|a 20231201d2024 u u0frey01 ba
|
| 101 |
0 |
|
|a fin
|
| 102 |
|
|
|a FI
|
| 200 |
0 |
|
|a feuilles mortes (Les)
|d Kuolleet lehdet
|f Aki Kaurismäki, réal.
|g Aki Kaurismäki, scénario - Martti Suosalo, Alma Pöysti, Alina Tomnikov, Jussi Vatanen, Janne Hyytiäinen, Sherwan Haji, ... [et al.] act.
|
| 207 |
|
1 |
|a
|
| 215 |
|
|
|a 1 DVD vidéo monoface zone 2 (1 h 17 min)
|c 1.85:1, 16/9, coul., (PAL), Son. (Dolby Digital 2.0; finnois); (Dolby Digital 5.
|
| 300 |
|
|
|a Langues principales : finnois; Sous-titres : français
|
| 330 |
|
|
|a Deux personnes solitaires se rencontrent par hasard une nuit à Helsinki et chacun tente de trouver en l'autre son premier, unique et dernier amour. Mais la vie a tendance à mettre des obstacles sur la route de ceux qui cherchent le bonheur.
|
| 700 |
|
0 |
|a Kaurismäki
|b Aki
|4 370
|
| 702 |
|
0 |
|a Suosalo
|b Martti
|4 5
|
| 702 |
|
0 |
|a Pöysti
|b Alma
|4 5
|
| 702 |
|
0 |
|a Tomnikov
|b Alina
|4 5
|
| 702 |
|
0 |
|a Vatanen
|b Jussi
|4 5
|
| 702 |
|
0 |
|a Hyytiäinen
|b Janne
|4 5
|
| 702 |
|
0 |
|a Haji
|b Sherwan
|4 5
|
| 900 |
|
|
|a Film
|
| 901 |
|
|
|a Accessible au prêt
|
| 995 |
|
|
|a Bibliothèque
|c Bibliothèque
|f 00156010172153
|h 00156010172153
|k F KAU
|o p
|q a
|r gd
|e Bibliothèque
|